01554nam a22002894aa4500003000800000005001700008008004100025040003000066041000800096044000700104082001800111100003300129100001000162245007700172245005900249260002500308300004300333500003600376502018200412520056300594650001401157653000901171653001301180653001201193653002301205700003601228BOFEUTO20260512154145.0260504t2025 bo gr 000 f spa d 6BOFEUTOaBOFEUTOcBOFEUTO aspa abo aTE6300bM263p aMamani Flores, Pamela Jemina eautor aPlan de marketing digital para la Empresa Ludus de la ciudad de Oruro. / c Pamela Jemina Mamani Flores, César Choque García aOruro :bs/n,c2025. a124 hojas ;bgráf. ilus. ;c28.5 cm. aIncluye bibliografía, anexos. aTrabajo Dirigido, (Licenciatura) -- Universidad Técnica de Oruro, Facultad de Ciencias Económicas, Financieras y Administrativas, Carrera Administración de Empresas, 2025. aEl estudio surge como respuesta a la disminución de la demanda en los últimos años, ocasionada principalmente por el incremento de la competencia. Para ello, se desarrollaron etapas fundamentales : análisis situacional, definición del público objetivo, establecimiento de objetivos estratégicos, diseño de estrategias de promoción y definición de tácticas operativas. Dichos elementos permiten una comprensión clara de la audiencia y sus necesidades, así como la formulación de acciones efectivas orientadas a resultados medibles. aMarketing aPlan aEmpresas aDigital aComercialización aChoque García, Césaretutor